[Event "EU-ch U20"]
[Site "Aviles"]
[Date "2000.08.23"]
[Round "7"]
[White "Fluvia Poyatos, Jordi"]
[Black "Srebrnic, Marko"]
[Result "1-0"]
[WhiteElo "2261"]
[BlackElo "2096"]
[EventDate "2000.08.18"]
[PlyCount "85"]

1.d4 Nf6 2.Nf3 g6 3.g3 Bg7 4.Bg2 O-O 5.O-O d5 6.c4 dxc4 7.Na3 Na6 8.Nxc4 
c5 9.Bg5 h6 10.Bxf6 Bxf6 11.d5 b5 12.Nce5 Qd6 13.Nc6 e6 14.e4 exd5 15.Qxd5
Qxd5 16.exd5 Nb4 17.Nfe5 Nxc6 18.Nxc6 Bd7 19.d6 Bxc6 20.Bxc6 Rab8 21.a4 b4
22.Rac1 Bd4 23.d7 Rb6 24.Rfd1 Rd8 25.Re1 Rbb8 26.b3 Kg7 27.Re8 Kf6 28.Rce1
Kg7 29.Kg2 Bf6 30.Rc1 Bc3 31.Kf3 c4 32.Rxd8 Rxd8 33.bxc4 Rb8 34.Bb5 Bf6 
35.c5 Bd8 36.Ke4 Kf6 37.Kd5 a5 38.Re1 Bc7 39.Kc6 Bd8 40.Kd6 b3 41.Rb1 Be7+
42.Kc7 Ra8 43.Rxb3 1-0

[Event "EU-ch U20"]
[Site "Aviles"]
[Date "2000.08.23"]
[Round "7"]
[White "Gomez Gomez, Salvador"]
[Black "Zenklusen, Rico"]
[Result "0-1"]
[WhiteElo "2095"]
[BlackElo "2221"]
[EventDate "2000.08.18"]
[PlyCount "86"]

1.e4 c6 2.d4 d5 3.e5 Bf5 4.c4 dxc4 5.Bxc4 e6 6.Ne2 Ne7 7.Nbc3 Nd7 8.O-O 
Nb6 9.Bb3 Qd7 10.Be3 Ned5 11.Ng3 Bg6 12.Nge4 Be7 13.Qe2 O-O 14.Kh1 Nxc3 
15.Nxc3 Rac8 16.f4 c5 17.Rad1 c4 18.Bc2 Bxc2 19.Qxc2 Nd5 20.Nxd5 Qxd5 21.
f5 exf5 22.Rxf5 b5 23.Bg1 g6 24.Rf3 b4 25.Re1 Rc6 26.Qd2 c3 27.bxc3 bxc3 
28.Qh6 f5 29.exf6 Bxf6 30.Rh3 Rc7 31.Qc1 c2 32.Rb3 Bg5 33.Be3 Re8 34.h4 
Bxh4 35.Rf1 Qh5 36.g4 Qxg4 37.Bh6 Bg3 38.Rxg3 Qxg3 39.Bf4 Qh3+ 40.Kg1 Re2 
41.Rf2 Qg4+ 42.Kf1 Rxf2+ 43.Kxf2 Qxf4+ 0-1

[Event "EU-ch U20"]
[Site "Aviles"]
[Date "2000.08.23"]
[Round "7"]
[White "Bruned Carasco, Yvain"]
[Black "Bruned Carasco, Boris"]
[Result "1/2-1/2"]
[WhiteElo "2012"]
[BlackElo "2004"]
[EventDate "2000.08.18"]
[PlyCount "23"]

1.e4 e5 2.Nf3 Nc6 3.Bb5 a6 4.Bc4 Nf6 5.O-O b5 6.Bb3 Be7 7.Re1 O-O 8.c3 d6 
9.h3 Re8 10.Ng5 Rf8 11.Nf3 Re8 12.Ng5 1/2-1/2

[Event "EU-ch U20"]
[Site "Aviles"]
[Date "2000.08.24"]
[Round "8"]
[White "Moiseenko, Olexandr"]
[Black "Pert, Nicholas"]
[Result "1/2-1/2"]
[WhiteElo "2582"]
[BlackElo "2455"]
[EventDate "2000.08.18"]
[PlyCount "75"]

1.d4 e6 2.c4 f5 3.Nc3 Nf6 4.Qc2 Bb4 5.e3 b6 6.Bd3 Bb7 7.Ne2 Be4 8.O-O Bxd3
9.Qxd3 O-O 10.e4 fxe4 11.Nxe4 Be7 12.d5 Nxe4 13.Qxe4 Na6 14.Be3 Nc5 15.
Bxc5 Bxc5 16.dxe6 Qe7 17.Nf4 Bd6 18.Nd3 Rae8 19.Rae1 Qxe6 20.Qxe6+ Rxe6 
21.Rxe6 dxe6 22.f3 Rd8 23.Rd1 Kf7 24.h3 Ke7 25.Kf1 a5 26.Ke2 Bg3 27.b3 a4 
28.Nb4 Ra8 29.Nc6+ Ke8 30.b4 Bd6 31.a3 Kf7 32.Ke3 Rf8 33.Rd4 Ke8 34.Rg4 
Rf7 35.c5 bxc5 36.b5 Kf8 37.Rxa4 c4 38.Rxc4 1/2-1/2

[Event "EU-ch U20"]
[Site "Aviles"]
[Date "2000.08.24"]
[Round "8"]
[White "De Vreugt, Dennis"]
[Black "Antoniewski, Rafal"]
[Result "1/2-1/2"]
[WhiteElo "2511"]
[BlackElo "2446"]
[EventDate "2000.08.18"]
[PlyCount "23"]

1.e4 c5 2.Nf3 d6 3.d4 cxd4 4.Nxd4 Nf6 5.Nc3 Nc6 6.Bc4 Qb6 7.Nde2 e6 8.Bb3 
Be7 9.Ng3 O-O 10.Bg5 Rd8 11.O-O Qc5 12.Qd2 1/2-1/2

[Event "EU-ch U20"]
[Site "Aviles"]
[Date "2000.08.24"]
[Round "8"]
[White "Guseinov, Gadir"]
[Black "Blehm, Pawel"]
[Result "0-1"]
[WhiteElo "2421"]
[BlackElo "2518"]
[EventDate "2000.08.18"]
[PlyCount "96"]

1.e4 c5 2.Nc3 d6 3.Nf3 Nf6 4.d4 cxd4 5.Nxd4 Bd7 6.g3 g6 7.Bg2 Bg7 8.O-O 
Nc6 9.Nb3 O-O 10.Re1 a5 11.a4 Nb4 12.Nb5 Bg4 13.f3 Be6 14.N3d4 Bd7 15.c3 
Na6 16.Be3 Nc5 17.b4 Ne6 18.Qd2 axb4 19.cxb4 Nxd4 20.Bxd4 Bxb5 21.axb5 
Rxa1 22.Rxa1 Nd7 23.Rc1 Bxd4+ 24.Qxd4 Qb8 25.Bh3 e6 26.Rd1 Rc8 27.Qxd6 
Qxd6 28.Rxd6 Ne5 29.Bg2 Rc1+ 30.Kf2 Kg7 31.g4 g5 32.Bf1 Kf6 33.Be2 Ke7 34.
Rd2 Rb1 35.Rc2 b6 36.Rc7+ Kd6 37.Rb7 Nd7 38.e5+ Nxe5 39.Rxb6+ Kc7 40.Ra6 
Rxb4 41.Ra8 Rb2 42.Ke3 f5 43.gxf5 exf5 44.Ra7+ Kd6 45.Rxh7 f4+ 46.Kf2 g4 
47.Ke1 gxf3 48.Bd1 Nd3+ 0-1

[Event "EU-ch U20"]
[Site "Aviles"]
[Date "2000.08.24"]
[Round "8"]
[White "Stryjecki, Marek"]
[Black "Halkias, Stelios"]
[Result "1-0"]
[WhiteElo "2405"]
[BlackElo "2502"]
[EventDate "2000.08.18"]
[PlyCount "105"]

1.c4 e6 2.e4 c5 3.Nc3 Nc6 4.f4 d6 5.Nf3 Nf6 6.g3 Be7 7.Bg2 O-O 8.O-O a6 9.
d3 Rb8 10.h3 b5 11.g4 Nd4 12.b3 Nd7 13.Bd2 bxc4 14.dxc4 Bb7 15.Kh1 Kh8 16.
Rc1 Qb6 17.Qe1 Bf6 18.Qg3 Nxf3 19.Rxf3 Bd4 20.Rd3 Bc6 21.Re1 Qa5 22.Na4 
Qd8 23.Nc3 Qa5 24.Na4 Qc7 25.Nc3 Qb7 26.g5 a5 27.Nd1 Qa8 28.a4 f6 29.h4 d5
30.exd5 exd5 31.Ne3 Bxe3 32.Rexe3 fxg5 33.hxg5 Nb6 34.Re6 Rbe8 35.Rde3 
Rxe6 36.Rxe6 Qc8 37.Rd6 Qc7 38.f5 Nc8 39.Rf6 Qd8 40.Rxf8+ Qxf8 41.cxd5 Bd7
42.f6 gxf6 43.Bc3 Nd6 44.gxf6 Nf7 45.Kg1 Qg8 46.Qxg8+ Kxg8 47.Bxa5 Nd6 48.
Bc7 Ne8 49.Be5 Kf7 50.a5 Bc8 51.d6 Nxf6 52.Bxf6 Kxf6 53.d7 1-0

[Event "EU-ch U20"]
[Site "Aviles"]
[Date "2000.08.24"]
[Round "8"]
[White "Sedlak, Nikola"]
[Black "Kallio, Heikki"]
[Result "1/2-1/2"]
[WhiteElo "2423"]
[BlackElo "2451"]
[EventDate "2000.08.18"]
[PlyCount "103"]

1.e4 c5 2.Nf3 d6 3.d4 cxd4 4.Nxd4 Nf6 5.Nc3 a6 6.Be3 e5 7.Nb3 Be6 8.f3 Be7
9.Qd2 h5 10.a4 Nbd7 11.a5 Rc8 12.Be2 Kf8 13.O-O g6 14.Nd5 Nxd5 15.exd5 Bf5
16.c4 g5 17.Bd3 Bxd3 18.Qxd3 Rh6 19.Nd2 Kg8 20.b4 Rg6 21.Qf5 Rf6 22.Qxg5+ 
Rg6 23.Qxh5 Bg5 24.Bxg5 Rxg5 25.Qh6 Rg6 26.Qe3 f5 27.f4 e4 28.Rac1 Nf6 29.
Nb3 Ng4 30.Qe1 Qf6 31.h3 Nh6 32.Rc2 Kh7 33.c5 dxc5 34.bxc5 Rcg8 35.c6 bxc6
36.dxc6 Qg7 37.Rff2 Rc8 38.Rfd2 Rgxc6 39.Rxc6 Rxc6 40.Nd4 Rd6 41.Qe3 Qd7 
42.Nb3 Rxd2 43.Nxd2 Nf7 44.Kf2 Qd5 45.Qc3 Nd6 46.Nf1 Nc4 47.Ne3 Nxe3 48.
Kxe3 Qd1 49.Qc7+ Kg6 50.Qc6+ Kh5 51.Qe8+ Kh4 52.Qg8 1/2-1/2

[Event "EU-ch U20"]
[Site "Aviles"]
[Date "2000.08.24"]
[Round "8"]
[White "Andres Gonzalez, Alberto"]
[Black "Iliushin, Alexei"]
[Result "1/2-1/2"]
[WhiteElo "2362"]
[BlackElo "2509"]
[EventDate "2000.08.18"]
[PlyCount "50"]

1.d4 f5 2.e4 fxe4 3.Nc3 Nf6 4.Bg5 b6 5.f3 e3 6.Bxe3 Bb7 7.Bd3 e6 8.Nh3 Nc6
9.Qe2 Nb4 10.Bc4 c6 11.Nf4 Nbd5 12.Ncxd5 cxd5 13.Bb5 Qe7 14.O-O a6 15.Bd3 
Qf7 16.Nh3 Bd6 17.Ng5 Qe7 18.f4 O-O 19.Bd2 g6 20.Rae1 a5 21.c3 Rae8 22.Bc1
Qg7 23.a3 Bc7 24.Qc2 Re7 25.g3 Bc6 1/2-1/2

[Event "EU-ch U20"]
[Site "Aviles"]
[Date "2000.08.24"]
[Round "8"]
[White "Mah, Karl"]
[Black "Fernandez Romero, Ernesto"]
[Result "1/2-1/2"]
[WhiteElo "2411"]
[BlackElo "2383"]
[EventDate "2000.08.18"]
[PlyCount "64"]

1.Nf3 g6 2.d4 Nf6 3.c4 Bg7 4.Nc3 O-O 5.Bg5 d6 6.e3 Nbd7 7.Be2 b6 8.O-O Bb7
9.Qc2 h6 10.Bh4 c6 11.Rfd1 Qe8 12.Nd2 g5 13.Bg3 Rd8 14.f4 gxf4 15.exf4 Nb8
16.Nf1 d5 17.Ne3 dxc4 18.Nf5 b5 19.Bf3 Bc8 20.Nxg7 Kxg7 21.a4 Na6 22.Qe2 
b4 23.Ne4 Nd5 24.Rdc1 f5 25.Nd2 c3 26.bxc3 bxc3 27.Nb1 c2 28.Na3 Rd6 29.
Nxc2 Re6 30.Qc4 Qd7 31.Re1 Rxe1+ 32.Rxe1 Qd6 1/2-1/2

[Event "EU-ch U20"]
[Site "Aviles"]
[Date "2000.08.24"]
[Round "8"]
[White "Smirnov, Pavel"]
[Black "Colin, Vincent"]
[Result "1-0"]
[WhiteElo "2487"]
[BlackElo "2294"]
[EventDate "2000.08.18"]
[PlyCount "51"]

1.e4 e5 2.Nf3 Nc6 3.Bb5 a6 4.Ba4 Nf6 5.O-O b5 6.Bb3 Be7 7.Re1 d6 8.c3 O-O 
9.h3 Na5 10.Bc2 c5 11.d4 Qc7 12.Nbd2 Rd8 13.Nf1 cxd4 14.cxd4 exd4 15.Ng3 
Nc6 16.Bf4 Qb6 17.Rc1 d5 18.e5 Ne8 19.Ng5 g6 20.e6 Bxe6 21.Nxe6 fxe6 22.
Bxg6 hxg6 23.Rxe6 Bc5 24.Rxg6+ Ng7 25.Qg4 Ra7 26.Nh5 1-0

[Event "EU-ch U20"]
[Site "Aviles"]
[Date "2000.08.24"]
[Round "8"]
[White "Bitansky, Igor"]
[Black "Reinaldo Castineira, Roi"]
[Result "1-0"]
[WhiteElo "2359"]
[BlackElo "2416"]
[EventDate "2000.08.18"]
[PlyCount "53"]

1.e4 e6 2.d4 d5 3.e5 c5 4.c3 Nc6 5.Nf3 Nh6 6.Bxh6 gxh6 7.a3 a5 8.Be2 f6 9.
O-O cxd4 10.cxd4 Bg7 11.Bd3 O-O 12.Re1 Bd7 13.Nbd2 Qb6 14.Nf1 fxe5 15.dxe5
Qxb2 16.Rb1 Qxa3 17.Rxb7 Be8 18.Qb1 Bh5 19.Nh4 Qc5 20.Ng3 Bxe5 21.Bxh7+ 
Kh8 22.Bg8 Qxf2+ 23.Kh1 Rf5 24.Nhxf5 Rxg8 25.Rf1 Qd2 26.Nh4 Bg7 27.Nxh5 
1-0

[Event "EU-ch U20"]
[Site "Aviles"]
[Date "2000.08.24"]
[Round "8"]
[White "Mateuta, Gabriel"]
[Black "Ortega Ruiz, Jose Miguel"]
[Result "1-0"]
[WhiteElo "2409"]
[BlackElo "2255"]
[EventDate "2000.08.18"]
[PlyCount "101"]

1.d4 g6 2.e4 Bg7 3.Nc3 d6 4.Bg5 h6 5.Bh4 g5 6.Bg3 c5 7.d5 Qa5 8.Qd2 f5 9.
exf5 Bxf5 10.Bd3 Bxd3 11.Qxd3 Bxc3+ 12.bxc3 Nf6 13.Ne2 Nbd7 14.Qg6+ Kd8 
15.h4 Nxd5 16.O-O Kc7 17.Qe6 Nxc3 18.hxg5 hxg5 19.Qxe7 Rh6 20.Rfd1 Nxd1 
21.Rxd1 Rah8 22.Bxd6+ Kc8 23.Ng3 Qc3 24.Qxg5 Qxc2 25.Qd5 Qh7 26.f3 Qg8 27.
Qxg8+ Rxg8 28.Nf5 Re6 29.Ne7+ Rxe7 30.Bxe7 Re8 31.Bd6 Re2 32.g4 c4 33.a4 
c3 34.Rc1 c2 35.Bf4 Nb6 36.Kf1 Re6 37.Rxc2+ Rc6 38.Rxc6+ bxc6 39.a5 Nd5 
40.Bd6 Kd7 41.Bc5 a6 42.Kf2 Ke6 43.Kg3 Nc3 44.Kf4 Kd5 45.Ba3 Ne2+ 46.Ke3 
Nd4 47.Bb2 Nc2+ 48.Kd2 Nb4 49.Bc3 Na2 50.Kc2 Kc4 51.Bd2 1-0

[Event "EU-ch U20"]
[Site "Aviles"]
[Date "2000.08.24"]
[Round "8"]
[White "Fluvia Poyatos, Jordi"]
[Black "Bekker-Jensen, Simon"]
[Result "0-1"]
[WhiteElo "2261"]
[BlackElo "2388"]
[EventDate "2000.08.18"]
[PlyCount "58"]

1.d4 Nf6 2.Nf3 g6 3.g3 Bg7 4.Bg2 O-O 5.O-O d6 6.a4 c6 7.c3 Nbd7 8.Nbd2 e5 
9.e4 Qc7 10.Re1 Re8 11.b3 b6 12.Ba3 Bf8 13.Nc4 exd4 14.Nxd4 Bb7 15.a5 Rad8
16.axb6 axb6 17.Qd2 b5 18.Nb2 Qb6 19.c4 c5 20.Nxb5 Bxe4 21.Bxe4 Nxe4 22.
Qf4 f5 23.Rad1 Ne5 24.f3 Ng5 25.Kg2 Nexf3 26.Rxe8 Rxe8 27.h4 Qc6 28.Rd3 
Re2+ 29.Kf1 Qe8 0-1

[Event "EU-ch U20"]
[Site "Aviles"]
[Date "2000.08.24"]
[Round "8"]
[White "Zenklusen, Rico"]
[Black "Bursteinas, Romanas"]
[Result "0-1"]
[WhiteElo "2221"]
[BlackElo "2391"]
[EventDate "2000.08.18"]
[PlyCount "68"]

1.e4 c5 2.Nf3 e6 3.d4 cxd4 4.Nxd4 Nf6 5.Nc3 Bb4 6.e5 Nd5 7.Bd2 Nxc3 8.bxc3
Be7 9.Qg4 O-O 10.Bh6 g6 11.h4 Qa5 12.Qg3 d6 13.Bxf8 Bxf8 14.exd6 Bg7 15.
O-O-O Qxa2 16.Qg5 Qa3+ 17.Kb1 Qxd6 18.Bc4 Qb6+ 19.Qb5 Nd7 20.Nb3 Qc7 21.h5
a6 22.Qb4 a5 23.Qb5 a4 24.hxg6 hxg6 25.Nd4 Nf6 26.Ba2 Bd7 27.Qd3 Ra6 28.
Rhe1 Ng4 29.Qg3 Ne5 30.Re3 Qc5 31.Rde1 Rb6+ 32.Ka1 Nc4 33.Qb8+ Bf8 34.Bxc4
Qa3+ 0-1

[Event "EU-ch U20"]
[Site "Aviles"]
[Date "2000.08.24"]
[Round "8"]
[White "Cheparinov, Ivan"]
[Black "Dovliatov, Sanan"]
[Result "1-0"]
[WhiteElo "2189"]
[BlackElo "2360"]
[EventDate "2000.08.18"]
[PlyCount "151"]

1.d4 d6 2.Nf3 f5 3.g3 Nf6 4.c4 g6 5.b4 Bg7 6.Bb2 a5 7.b5 O-O 8.Bg2 a4 9.
O-O c6 10.bxc6 bxc6 11.Nbd2 Qc7 12.Qc2 Nbd7 13.c5 d5 14.Ng5 Nb8 15.Nh3 a3 
16.Bc3 Ba6 17.Nf4 Qc8 18.Qb3 Kh8 19.Qxa3 g5 20.Nd3 Nbd7 21.Qb2 Qe8 22.Nb4 
Bxe2 23.Rfe1 Qh5 24.f3 Bb5 25.Rxe7 Rfe8 26.Rae1 Rxe7 27.Rxe7 Re8 28.Rxe8+ 
Qxe8 29.Nf1 Nf8 30.Qd2 Ne6 31.Ne3 Qg6 32.Bf1 Bxf1 33.Nxf1 g4 34.Nxc6 gxf3 
35.Ne5 Qh5 36.Qe3 Ne4 37.Nxf3 f4 38.Qd3 Qg4 39.Be1 h5 40.Kh1 fxg3 41.Nxg3 
h4 42.Ne2 Qh3 43.Neg1 Qf5 44.Qe3 h3 45.Nh4 Qg4 46.Qxh3 Qxh3 47.Nxh3 Nxd4 
48.Nf4 Nxc5 49.Bf2 Nde6 50.Nxd5 Nd3 51.Kg2 Bb2 52.Nf5 Ba3 53.Nfe3 Bd6 54.
Bg3 Bxg3 55.Kxg3 Nec5 56.Nc4 Kg7 57.Nc3 Kf6 58.h4 Kg6 59.a4 Kh5 60.a5 Nb4 
61.Ne2 Ne4+ 62.Kh3 Nf2+ 63.Kg2 Ne4 64.Ng3+ Kxh4 65.Nxe4 Kg4 66.Nc5 Kf5 67.
Kf3 Kf6 68.Ke3 Ke7 69.Kd2 Kd8 70.Ne5 Kc7 71.Kc3 Nd5+ 72.Kc4 Ne3+ 73.Kb5 
Nd5 74.a6 Kb8 75.Nc6+ Ka8 76.Ne6 1-0

[Event "EU-ch U20"]
[Site "Aviles"]
[Date "2000.08.24"]
[Round "8"]
[White "Castaldo, Folco"]
[Black "Perez Candelario, Manuel"]
[Result "1/2-1/2"]
[WhiteElo "2227"]
[BlackElo "2300"]
[EventDate "2000.08.18"]
[PlyCount "58"]

1.e4 d5 2.exd5 Nf6 3.d4 Bg4 4.f3 Bf5 5.Bb5+ Nbd7 6.c4 e6 7.dxe6 Bxe6 8.d5 
Bf5 9.Nc3 Bc5 10.Qe2+ Kf8 11.Be3 Qe7 12.Bf4 Re8 13.O-O-O Qd8 14.Qf1 h6 15.
g4 Bh7 16.Nge2 g5 17.Bd2 Ne5 18.Bxe8 Nd3+ 19.Kb1 Nb4+ 20.Kc1 Qxe8 21.b3 
Nd3+ 22.Kb1 Qe5 23.Ng3 Nb4+ 24.Kc1 Nd3+ 25.Kb1 Nb4+ 26.Kc1 Be3 27.Nge2 
Nd3+ 28.Kb1 Nb4+ 29.Kc1 Nd3+ 1/2-1/2

[Event "EU-ch U20"]
[Site "Aviles"]
[Date "2000.08.24"]
[Round "8"]
[White "Mastrovasilis, Dimitrios"]
[Black "Suarez Real, Alberto"]
[Result "1-0"]
[WhiteElo "2386"]
[BlackElo "2116"]
[EventDate "2000.08.18"]
[PlyCount "67"]

1.e4 c5 2.d3 Nc6 3.f4 g6 4.Nf3 Bg7 5.Be2 e6 6.O-O Nge7 7.c3 O-O 8.Be3 b6 
9.Na3 d5 10.e5 d4 11.Bd2 Ba6 12.c4 f6 13.exf6 Bxf6 14.Ng5 Qd7 15.Qa4 Bb7 
16.Bg4 Nf5 17.Rae1 Rae8 18.Nc2 e5 19.Bf3 Kh8 20.b4 Nh4 21.Be4 Bxg5 22.fxg5
Qg4 23.h3 Qg3 24.Rxf8+ Rxf8 25.Rf1 Rxf1+ 26.Kxf1 Kg7 27.Ne1 Nf5 28.Bxc6 
Ne3+ 29.Kg1 Qf4 30.Bf3 Bxf3 31.Qxa7+ Kf8 32.Qb8+ Kf7 33.Nxf3 Qg3 34.Bxe3 
1-0

[Event "EU-ch U20"]
[Site "Aviles"]
[Date "2000.08.24"]
[Round "8"]
[White "Sanchez Aller, Fernando"]
[Black "Biti, Ozren"]
[Result "0-1"]
[WhiteElo "2137"]
[BlackElo "2323"]
[EventDate "2000.08.18"]
[PlyCount "134"]

1.e4 d6 2.d4 Nf6 3.f3 g6 4.Be3 c6 5.Qd2 Nbd7 6.h4 e5 7.Ne2 Bg7 8.Nbc3 h5 
9.dxe5 dxe5 10.O-O-O Qc7 11.Ng1 Nb6 12.Nh3 Bxh3 13.Rxh3 Rd8 14.Qxd8+ Qxd8 
15.Rxd8+ Kxd8 16.Kb1 Nfd7 17.a4 a5 18.g3 Bh6 19.f4 Bg7 20.f5 Bh6 21.Bg5+ 
Bxg5 22.hxg5 Nf8 23.g4 h4 24.Bg2 Ke7 25.b3 f6 26.gxf6+ Kxf6 27.Ne2 Kg5 28.
Bf3 Nbd7 29.Rh1 h3 30.Rh2 Nf6 31.Ng1 Kf4 32.Nxh3+ Kg3 33.Rd2 Rxh3 34.Rd6 
Ne8 35.Rd8 Kxf3 36.Rxe8 Rh8 37.Rxe5 Kxg4 38.fxg6 Nxg6 39.Rxa5 Kf4 40.Kb2 
Ne5 41.Rc5 Rh3 42.Ra5 Kxe4 43.Ra7 Rh7 44.a5 Rd7 45.a6 b5 46.Ra8 Kd5 47.a7 
Nf7 48.b4 Ne5 49.Kb3 Nc4 50.c3 Nd6 51.Kb2 Rc7 52.Kb3 Nc8 53.Rb8 Nxa7 54.
Rd8+ Ke6 55.Rd3 Nc8 56.Rh3 Nd6 57.Rh6+ Ke5 58.Rh5+ Nf5 59.Rh1 Ke4 60.Re1+ 
Ne3 61.Ra1 Rh7 62.Re1 Kd3 63.Ra1 Rh2 64.Rg1 Rc2 65.Rg3 Rxc3+ 66.Kb2 Kc4 
67.Kb1 Kxb4 0-1

[Event "EU-ch U20"]
[Site "Aviles"]
[Date "2000.08.24"]
[Round "8"]
[White "Bucher, Denis"]
[Black "Gomez Gomez, Salvador"]
[Result "1-0"]
[WhiteElo "2350"]
[BlackElo "2095"]
[EventDate "2000.08.18"]
[PlyCount "135"]

1.e4 e6 2.d4 d5 3.Nc3 dxe4 4.Nxe4 Bd7 5.Nf3 Bc6 6.Bd3 Nf6 7.Ng3 Nbd7 8.O-O
Be7 9.Re1 O-O 10.c3 Re8 11.Bf4 Nd5 12.Bd2 Bf6 13.Ne4 Ne7 14.Nxf6+ Nxf6 15.
Ne5 Qd5 16.Nxc6 Nxc6 17.Qb3 Qxb3 18.axb3 e5 19.dxe5 Nxe5 20.Bc2 c6 21.Bf4 
Ng6 22.Bg5 Nd5 23.Kf1 a6 24.g3 Ne5 25.Kg2 h6 26.Bd2 Rad8 27.Rad1 Ng4 28.h3
Rxe1 29.Rxe1 Ngf6 30.c4 Nc7 31.Ba5 Re8 32.Rxe8+ Nfxe8 33.f4 Ne6 34.Bb6 Nf6
35.f5 Nf8 36.Bd4 N8d7 37.Kf3 Ne8 38.Kf4 f6 39.b4 Nd6 40.b3 Kf7 41.Bd1 Ke7 
42.Bf3 Nf7 43.g4 Nfe5 44.Be2 Kd6 45.Bb2 b6 46.Ke3 b5 47.Ke4 Nf7 48.h4 Nfe5
49.Bc1 Nf7 50.Bf4+ Nfe5 51.Bg3 Kc7 52.g5 hxg5 53.hxg5 Kd6 54.Bh4 Ke7 55.
Kd4 Kd6 56.Bg3 Kc7 57.Bh2 Kd6 58.Bf4 Kc7 59.g6 Kb6 60.Bh6 Nxg6 61.fxg6 Nf8
62.Bg4 Nxg6 63.Bxg7 Ne5 64.c5+ Kb7 65.Bf5 Nf3+ 66.Ke3 Nh4 67.Bh3 f5 68.Bf6
1-0

[Event "EU-ch U20"]
[Site "Aviles"]
[Date "2000.08.24"]
[Round "8"]
[White "Atakisi, Umut"]
[Black "Andres Gonzalez, Ivan"]
[Result "1-0"]
[WhiteElo "2258"]
[BlackElo "2176"]
[EventDate "2000.08.18"]
[PlyCount "71"]

1.e4 c5 2.Nf3 Nc6 3.d4 cxd4 4.Nxd4 Nf6 5.Nc3 e6 6.Ndb5 d6 7.Bf4 e5 8.Bg5 
a6 9.Na3 b5 10.Bxf6 gxf6 11.Nd5 f5 12.exf5 Bxf5 13.c3 Bg7 14.Nc2 O-O 15.
Nce3 Bg6 16.h4 Be4 17.Bd3 Bxd5 18.Nxd5 Ne7 19.Nxe7+ Qxe7 20.Be4 Rac8 21.
Qh5 h6 22.Qf5 Rfd8 23.Rd1 Rc5 24.Rh3 Kf8 25.Qh7 d5 26.Rg3 f6 27.b4 Rxc3 
28.Bxd5 Rxd5 29.Rxc3 Qxb4 30.Rxd5 Qxc3+ 31.Rd2 Qc1+ 32.Rd1 Qc3+ 33.Kf1 
Qc4+ 34.Kg1 Qxh4 35.Rd8+ Ke7 36.Rg8 1-0

[Event "EU-ch U20"]
[Site "Aviles"]
[Date "2000.08.24"]
[Round "8"]
[White "Gonzalez Menendez, Ivan"]
[Black "Tomic, Bosko"]
[Result "0-1"]
[WhiteElo "2242"]
[BlackElo "2151"]
[EventDate "2000.08.18"]
[PlyCount "88"]

1.e4 e6 2.d4 d5 3.Nc3 Bb4 4.e5 c5 5.a3 Bxc3+ 6.bxc3 Ne7 7.Qg4 Qc7 8.Qxg7 
Rg8 9.Qxh7 cxd4 10.Ne2 Nbc6 11.f4 Bd7 12.Qd3 dxc3 13.Rb1 Rc8 14.Be3 b6 15.
Qxc3 d4 16.Bxd4 Nxd4 17.Qxc7 Nxc2+ 18.Qxc2 Rxc2 19.Rc1 Ra2 20.Nc3 Rxa3 21.
Nb5 Bxb5 22.Bxb5+ Kf8 23.O-O Kg7 24.Rc7 Nd5 25.Rd7 a6 26.f5 Ne3 27.fxe6 
Nxf1 28.Bxf1 Rc8 29.Ra7 a5 30.e7 Re3 31.Rc7 Rh8 32.Bb5 Rxe5 33.Bc6 Kf6 34.
e8=Q Rhxe8 35.Bxe8 Rxe8 36.Kf2 Re4 37.Kf3 Rb4 38.g4 Kg5 39.Rxf7 Rb3+ 40.
Ke4 Kxg4 41.Kd4 a4 42.Rf2 b5 43.Ra2 a3 44.Ra1 b4 0-1

[Event "EU-ch U20"]
[Site "Aviles"]
[Date "2000.08.24"]
[Round "8"]
[White "Srebrnic, Marko"]
[Black "Moreno Tejera, Emilio"]
[Result "1-0"]
[WhiteElo "2096"]
[BlackElo "2139"]
[EventDate "2000.08.18"]
[PlyCount "79"]

1.e4 c5 2.Nf3 e6 3.d4 cxd4 4.Nxd4 Nf6 5.Nc3 Nc6 6.Ndb5 Bb4 7.a3 Bxc3+ 8.
Nxc3 d5 9.exd5 exd5 10.Bd3 O-O 11.O-O d4 12.Ne4 Bf5 13.Bg5 Bxe4 14.Bxe4 h6
15.Bxc6 bxc6 16.Bh4 g5 17.Bg3 Qd5 18.f4 Ne4 19.Qd3 Rad8 20.fxg5 hxg5 21.
Rae1 f5 22.h4 Qb5 23.Qf3 d3 24.Qh5 Kg7 25.hxg5 Rh8 26.Qf3 Qc5+ 27.Qe3 d2 
28.Qxc5 Nxc5 29.Rd1 Kg6 30.Bf4 Ne4 31.Rf3 c5 32.b3 Rh7 33.Rd3 Rhd7 34.Rxd7
Rxd7 35.Kf1 Rd5 36.g3 Kh5 37.Kg2 Kg4 38.g6 Kh5 39.g7 Rd8 40.Bxd2 1-0

[Event "EU-ch U20"]
[Site "Aviles"]
[Date "2000.08.24"]
[Round "8"]
[White "Isik, Engin Yasar"]
[Black "Bruned Carasco, Yvain"]
[Result "0-1"]
[WhiteElo "2120"]
[BlackElo "2012"]
[EventDate "2000.08.18"]
[PlyCount "74"]

1.e4 d5 2.exd5 Nf6 3.d4 Bg4 4.f3 Bf5 5.Bb5+ Nbd7 6.c4 e6 7.dxe6 Bxe6 8.d5 
Bf5 9.Ba4 Bb4+ 10.Nc3 O-O 11.Bc2 Re8+ 12.Ne2 Bxc3+ 13.bxc3 Bxc2 14.Qxc2 
Qe7 15.Bf4 Nb6 16.Bg5 Nxc4 17.Qd3 Ne3 18.Bxe3 Qxe3 19.Qxe3 Rxe3 20.Kf2 
Rae8 21.Ng3 Rxc3 22.Rhc1 Rxc1 23.Rxc1 Nxd5 24.Ne4 f5 25.Ng3 g6 26.Rc2 c6 
27.Ne2 Re3 28.Rb2 b6 29.Rc2 Ra3 30.Nc1 Rc3 31.Rxc3 Nxc3 32.Ke3 Kf7 33.Kd4 
Nd5 34.Ke5 Ke7 35.Ne2 Nb4 36.Nc3 Nd3+ 37.Kd4 Ne1 0-1

[Event "EU-ch U20"]
[Site "Aviles"]
[Date "2000.08.24"]
[Round "8"]
[White "Weber, Tom"]
[Black "Bruned Carasco, Boris"]
[Result "1-0"]
[WhiteElo "2067"]
[BlackElo "2004"]
[EventDate "2000.08.18"]
[PlyCount "51"]

1.e4 d5 2.exd5 Nf6 3.Nf3 Nxd5 4.d4 Bg4 5.Be2 Nc6 6.c4 Nb6 7.d5 Bxf3 8.gxf3
Ne5 9.f4 Ned7 10.Be3 Nf6 11.Nc3 g6 12.O-O Bg7 13.Qb3 c6 14.dxc6 bxc6 15.
Bf3 Qc7 16.Nb5 Qc8 17.Nxa7 Rxa7 18.Bxb6 Rb7 19.Qe3 O-O 20.f5 gxf5 21.Bd4 
Ng4 22.Bxg4 fxg4 23.Bxg7 Kxg7 24.b4 f6 25.a4 Rxb4 26.Qxe7+ 1-0

[Event "EU-ch U20"]
[Site "Aviles"]
[Date "2000.08.25"]
[Round "9"]
[White "Moiseenko, Olexandr"]
[Black "Izoria, Zviad"]
[Result "1-0"]
[WhiteElo "2582"]
[BlackElo "2450"]
[EventDate "2000.08.18"]
[PlyCount "119"]

1.d4 Nf6 2.c4 e6 3.Nc3 Bb4 4.g3 c5 5.Nf3 cxd4 6.Nxd4 O-O 7.Bg2 d5 8.Qb3 
Bxc3+ 9.Qxc3 e5 10.Nb3 Nc6 11.Bg5 d4 12.Qf3 Be6 13.Rc1 Na5 14.Bxf6 gxf6 
15.O-O Nxc4 16.Qxb7 Qd6 17.Qf3 f5 18.Qh5 Rac8 19.Qg5+ Kh8 20.Qf6+ Kg8 21.
Qg5+ Kh8 22.Qf6+ Kg8 23.Rc2 Qd8 24.Qh6 Qe7 25.Rfc1 a5 26.Nd2 Nd6 27.b3 
Rxc2 28.Rxc2 f6 29.Nc4 Nxc4 30.bxc4 Rc8 31.c5 Rxc5 32.Rxc5 Qxc5 33.Qxf6 
Bxa2 34.Qg5+ Kh8 35.Qxf5 a4 36.Qf6+ Kg8 37.Qd8+ Kg7 38.Qd7+ Bf7 39.Qxa4 
Qc1+ 40.Bf1 Be6 41.Qa7+ Kg6 42.Qa6 Kf7 43.Qb7+ Kg6 44.Qg2 h5 45.h4 Kf6 46.
Qf3+ Kg6 47.Qa8 Qe1 48.Qe8+ Kf6 49.Qf8+ Kg6 50.Qe8+ Kf6 51.Qh8+ Kg6 52.g4 
Bxg4 53.Qxe5 Qd2 54.Kh2 Qd1 55.Bg2 Bxe2 56.Be4+ Kf7 57.Bd5+ Kg6 58.Qg5+ 
Kh7 59.Qg8+ Kh6 60.Qf8+ 1-0

[Event "EU-ch U20"]
[Site "Aviles"]
[Date "2000.08.25"]
[Round "9"]
[White "Blehm, Pawel"]
[Black "Berg, Emanuel"]
[Result "1-0"]
[WhiteElo "2518"]
[BlackElo "2456"]
[EventDate "2000.08.18"]
[PlyCount "79"]

1.e4 e6 2.d4 d5 3.Nd2 Nf6 4.e5 Nfd7 5.Bd3 c5 6.c3 Nc6 7.Ne2 cxd4 8.cxd4 f6
9.exf6 Nxf6 10.O-O Bd6 11.Nf3 Qc7 12.h3 O-O 13.Be3 Bd7 14.Rc1 a6 15.Nc3 
Rae8 16.Na4 Bc8 17.a3 Qe7 18.Re1 e5 19.Rxc6 e4 20.Rc1 exf3 21.Qxf3 Ne4 22.
Qh5 Rf5 23.Qe2 Qh4 24.Qg4 Qf6 25.Nc3 h5 26.Qd1 Qh4 27.Nxe4 dxe4 28.Bxe4 
Rff8 29.Bf3 Bxh3 30.gxh3 Qxh3 31.Bg2 Qh2+ 32.Kf1 Bg3 33.Qb3+ Kh8 34.Rc2 
Rf5 35.Qxb7 Ref8 36.Rc8 Bxf2 37.Rxf8+ Rxf8 38.Bxf2 Qg3 39.Re2 Qd3 40.Qe4 
1-0

[Event "EU-ch U20"]
[Site "Aviles"]
[Date "2000.08.25"]
[Round "9"]
[White "Antoniewski, Rafal"]
[Black "Dottling, Fabian"]
[Result "1-0"]
[WhiteElo "2446"]
[BlackElo "2473"]
[EventDate "2000.08.18"]
[PlyCount "63"]

1.e4 Nc6 2.Nf3 f5 3.exf5 d5 4.Bb5 Bxf5 5.Ne5 Qd6 6.d4 Nf6 7.O-O Nd7 8.Bxc6
bxc6 9.Bf4 Nxe5 10.Bxe5 Qd7 11.c3 e6 12.Nd2 Bd6 13.Re1 O-O 14.b4 Qf7 15.
Qf3 Rad8 16.Qg3 Rd7 17.Nb3 Qh5 18.Na5 Rf6 19.Nxc6 Rdf7 20.Qe3 Be4 21.f4 
Qh6 22.h3 Qh4 23.Re2 Rg6 24.Kh2 Rf8 25.Rf1 a6 26.c4 Rf7 27.c5 Bf8 28.a4 
Rh6 29.b5 axb5 30.a5 g5 31.a6 gxf4 32.Rxf4 1-0

[Event "EU-ch U20"]
[Site "Aviles"]
[Date "2000.08.25"]
[Round "9"]
[White "Radjabov, Teimour"]
[Black "Stryjecki, Marek"]
[Result "1-0"]
[WhiteElo "2476"]
[BlackElo "2405"]
[EventDate "2000.08.18"]
[PlyCount "67"]

1.d4 g6 2.c4 Bg7 3.e4 d6 4.Nc3 e5 5.Nf3 Nc6 6.d5 Nce7 7.Be2 f5 8.exf5 gxf5
9.Ng5 Ng6 10.h4 h6 11.Ne6 Bxe6 12.dxe6 c6 13.Bh5 Ne7 14.g4 O-O 15.gxf5 
Rxf5 16.Bxg6 Nxg6 17.Qg4 Rf6 18.Ne4 Nf8 19.Nxf6+ Qxf6 20.e7 Ne6 21.Be3 Re8
22.Rd1 Nd4 23.Bxd4 exd4 24.O-O Qxe7 25.Rxd4 Kh8 26.Rd3 Be5 27.Kh1 Rg8 28.
Qh3 Bxb2 29.Re3 Qh7 30.Rg1 Rf8 31.Qe6 Bg7 32.Reg3 Be5 33.Rg6 Bf4 34.Rf6 
1-0